MARC details
| 000 -CABECERA |
| campo de control de longitud fija |
01511nam a2200349 i 4500 |
| 001 - NÚMERO DE CONTROL |
| campo de control |
000004033 |
| 003 - IDENTIFICADOR DEL NÚMERO DE CONTROL |
| campo de control |
DO-SdBNP |
| 005 - FECHA Y HORA DE LA ÚLTIMA TRANSACCIÓN |
| campo de control |
20260305073950.0 |
| 007 - CAMPO FIJO DE DESCRIPCIÓN FÍSICA--INFORMACIÓN GENERAL |
| campo de control de longitud fija |
ta |
| 008 - DATOS DE LONGITUD FIJA--INFORMACIÓN GENERAL |
| campo de control de longitud fija |
090716s1983 dr r 000 0 spa d |
| 040 ## - FUENTE DE LA CATALOGACIÓN |
| Centro catalogador/agencia de origen |
DO-SdBNP |
| Lengua de catalogación |
spa |
| Centro/agencia transcriptor |
BNPHU |
| Normas de descripción |
rda |
| 041 ## - CÓDIGO DE LENGUA |
| Código de lengua del texto/banda sonora o título independiente |
spa |
| 082 #4 - NÚMERO DE LA CLASIFICACIÓN DECIMAL DEWEY |
| Número de clasificación |
336.206 |
| Número de documento/Ítem |
R335i |
| Número de edición |
22 |
| 245 00 - MENCIÓN DE TÍTULO |
| Título |
Régimen de incentivos en la economía dominicana / |
| Mención de responsabilidad, etc. |
editor, Frank Moya Pons. |
| 260 ## - PUBLICACIÓN, DISTRIBUCIÓN, ETC. |
| Lugar de publicación, distribución, etc. |
Santo Domingo : |
| 264 ## - PRODUCCIÓN, PUBLICACIÓN, DISTRIBUCIÓN, FABRICACIÓN Y COPYRIGHT |
| Producción, publicación, distribución, fabricación y copyright |
Santo Domingo, República Dominicana : |
| Nombre del de productor, editor, distribuidor, fabricante |
FORUM, |
| Fecha de producción, publicación, distribución, fabricación o copyright |
1983. |
| 300 ## - DESCRIPCIÓN FÍSICA |
| Extensión |
197 páginas ; |
| Dimensiones |
23 cm. |
| 336 ## - TIPO DE CONTENIDO |
| Término de tipo de contenido |
texto |
| Código de tipo de contenido |
txt |
| Fuente |
rdacontent |
| 337 ## - TIPO DE MEDIO |
| Nombre/término del tipo de medio |
sin mediación |
| Código del tipo de medio |
n |
| Fuente |
rdamedia |
| 338 ## - TIPO DE SOPORTE |
| Nombre/término del tipo de soporte |
volumen |
| Código del tipo de soporte |
nc |
| Fuente |
rdacarrier |
| 490 0# - MENCIÓN DE SERIE |
| Mención de serie |
FORUM ; |
| Designación de volumen o secuencia |
7 |
| 500 ## - NOTA GENERAL |
| Nota general |
Incluye referencias bibliográficas y notas al pie de las páginas |
| 500 ## - NOTA GENERAL |
| Nota general |
Exposiciones presentadas en el Encuentro sobre Régimen de Incentivos en la Economía Dominicana, celebrado por FORUM el miércoles 17 de noviembre de 1982, en el Salón Caonabo del Hotel Santo Domingo Sur. |
| 590 ## - NOTA LOCAL (RLIN) |
| Nota local |
Inventariado, 2018/LP |
| 650 #4 - PUNTO DE ACCESO ADICIONAL DE MATERIA--TÉRMINO DE MATERIA |
| Término de materia o nombre geográfico como elemento de entrada |
Desarrollo económico |
| Subdivisión de forma |
CONGRESOS, CONFERENCIAS, ETC. |
| 9 (RLIN) |
12048 |
| 650 #4 - PUNTO DE ACCESO ADICIONAL DE MATERIA--TÉRMINO DE MATERIA |
| Término de materia o nombre geográfico como elemento de entrada |
Impuestos |
| Subdivisión geográfica |
República Dominicana |
| Subdivisión de forma |
Congresos, conferencia, etc. |
| 9 (RLIN) |
12049 |
| 650 #4 - PUNTO DE ACCESO ADICIONAL DE MATERIA--TÉRMINO DE MATERIA |
| Término de materia o nombre geográfico como elemento de entrada |
Promoción industrial |
| Subdivisión geográfica |
República Dominicana |
| Subdivisión de forma |
Congresos, conferencias, etc. |
| 9 (RLIN) |
12050 |
| 651 #4 - PUNTO DE ACCESO ADICIONAL DE MATERIA--NOMBRE GEOGRÁFICO |
| Nombre geográfico |
República Dominicana |
| Subdivisión general |
Condiciones económicas |
| Subdivisión de forma |
Congresos, conferencias, etc. |
| 9 (RLIN) |
7000 |
| 700 1# - PUNTO DE ACCESO ADICIONAL--NOMBRE DE PERSONA |
| Nombre de persona |
Moya Pons, Frank, |
| Fechas asociadas al nombre |
1944- |
| Término indicativo de función/relación |
ed. |
| 9 (RLIN) |
2095 |
| 910 ## - DATOS DE OPCIÓN DEL USUARIO (OCLC) |
| Datos de opción del usuario |
Validado. Control de calidad MFF |
| 942 ## - ELEMENTOS DE PUNTO DE ACCESO ADICIONAL (KOHA) |
| Fuente del sistema de clasificación o colocación |
Dewey Decimal Classification |
| Tipo de ítem Koha |
Libro |